1473 1282 1639 1270 1440 1113 1355 1867 1296 1927 1143 1795 1819 1309 1460 1740 1884 1637 1853 1130 1856 1566 1394 1646 1904 1953 1659 1407 1561 1711 1363 1955 1472 1769 1497 1619 1142 1564 1618 1226 1782 1569 1927 1917 1693 1508 1078 1302 1054 1877 1970 1905 1680 1649 1679 1820 1053 1900 1364 1467 1445 1112 1438 1074 1485 1043 1447 1568 1417 1425 1090 1555 1633 1123 1271 1053 1566 1239 1580 1497 1266 1521 1489 1840 1304 1000 1510 1539 1010 1139 1253 1998 1358 1824 1552 1004 1861 1530 1614 BCNSPRNW ULIB Ver.6.0+V

เปลี่ยนเป็นภาษาไทย

Change to English
 แสดงรายละเอียดบรรณานุกรม
  กลับหน้าหลัก

Brief Record : Get Marc (ISO 2709) : E-mail record : QR code < ปิดหน้าต่าง
LEADER : 00000nam 2200000uu 4500
001    13399125861
003     ULIB
008    020711s2017 th a 000 0 eng d
020    ^a9781119186991
060    ^aWY105^bA-H
100    ^aAshton, david.
245    ^aHow to be a nurse or midwife leader/^bAshton, david.
260    ^aWest Sussex :^bHoboken, NJ,^c2017
300    ^a214 pages;^c22 cm
650    ^aNursing, Supervisory
650  0 ^aNurse Midwives-organization&administration
945    ^p935^l0^i003243
999    ^aประนอม เกษจรัล
รายการนี้ยังไม่มีแท็ก
คุณยังไม่ได้ล็อกอิน คุณสามารถมีกิจกรรมร่วมกับเว็บไซต์ได้ แต่ต้องล็อกอินก่อน ::
  ล็อกอิน

รายการสื่อสารสนเทศ

ลำดับที่ ประเภท เลขเรียก/บาร์โค้ด สถานที่ สถานะ
1. วิทยาศาสตร์การแพทย์ และสุขภาพ
หนังสือสำรอง
สถานะ=หนังสือสำรอง
WY105 A-H ฉ.1 
  Barcode: 003243
ห้องสมุดวิทยาเขตสวรรค์ประชารักษ์
►หนังสือทั่วไป
บนชั้น

รายการใกล้เคียง
    หัวเรื่อง [Nursing, Supervisory]

BibComment


ยังไม่เคยถูกคอมเมนท์

คอมเมนท์ทรัพยากรรายการนี้
  คอมเมนท์: How to be a nurs..


 Copyright 2026. Bcnsprnw @Library